Online Catalogue and eLibrary

Ancient thoughts for modern man (Record no. 702)

MARC details
000 -LEADER
fixed length control field 00422nam a2200169Ia 4500
005 - DATE AND TIME OF LATEST TRANSACTION
control field 20240702014747.0
008 - FIXED-LENGTH DATA ELEMENTS--GENERAL INFORMATION
fixed length control field 240331s9999 xx 000 0 und d
082 ## - DDC Classification
Class No. 100.4
Item Number - Author Mark VIP
100 ## - MAIN ENTRY--PERSONAL NAME
Personal name Vipulananda, S
245 #0 - TITLE STATEMENT
Title Ancient thoughts for modern man
260 ## - PUBLICATION, DISTRIBUTION, ETC.
Place of publication, distribution, etc. Madras
Name of publisher, distributor, etc. Sri Ramakrishna Math
Date of publication, distribution, etc. 1992
300 ## - PHYSICAL DESCRIPTION
Extent (e.g. Volumes, Pages etc.) vi. 276 p .,
650 ## - SUBJECT ADDED ENTRY--TOPICAL TERM
Topical term or geographic name entry element Tamil Literature
650 ## - SUBJECT ADDED ENTRY--TOPICAL TERM
Topical term or geographic name entry element Culuture
650 ## - SUBJECT ADDED ENTRY--TOPICAL TERM
Topical term or geographic name entry element Spirituals
942 ## - Koha item type (Biblio)
Koha item type Books in Stacks (Lending)
Holdings
Lost status Damaged status Collection code Home library Current library Shelving location Date acquired Full call number Accession Number Item type
    Lending WERC Library WERC Library Social Science Cupboard 03/31/2024 100.4 VIP 1710 Books in Stacks (Lending)

© WERC Library